000 00697nam a2200289Ia 4500
005 20260324120836.0
008 008 260324s9999 xx 000 0 eng d
020 _a9781315757490
037 _aEBOOK
040 _aCRL
040 _beng
040 _cCRL
041 _2eng
041 _aeng
084 _qCRL
100 _aChris Jaenicke
_91160188
245 4 _aThe Search for a Relational Home
245 3 _bAn intersubjective view of therapeutic action
260 _bTaylor and Francis
260 _c2014
365 _a
365 _b280
856 _uhttp://www.taylorfrancis.com/books/9781315757490
942 _cEBOOK
999 _c1751921
_d1751921